Normal view
MARC view
Entry Topical Term
001 - CONTROL NUMBER
- control field: 7135
003 - CONTROL NUMBER IDENTIFIER
- control field: BD-RjUL
005 - DATE AND TIME OF LATEST TRANSACTION
- control field: 20230305160903.0
008 - FIXED-LENGTH DATA ELEMENTS
- fixed length control field: 230305|| aca||aabn | a|a d
040 ## - CATALOGING SOURCE
- Original cataloging agency: BD-RjUL
- Transcribing agency: BD-RjUL
150 ## - HEADING--TOPICAL TERM
- Topical term or geographic name entry element: Irrigation
- Form subdivision: Economic of land and energy
670 ## - SOURCE DATA FOUND
- Source citation: Work cat.: (BD-RjUL)81280: Salahin, Mesbaus 7134, Assessing economic and environmental impacts of different deficit irrigation strategies as related to corn yield /, 2019